| 000 | 00435nam a2200181Ia 4500 | ||
|---|---|---|---|
| 001 | 5196 | ||
| 005 | 20260306145850.0 | ||
| 008 | 260306t1985||||xx |||||||||||||| ||spa|| | ||
| 041 | _aESP | ||
| 082 |
_a338.008998 _bL35 T. 1 |
||
| 100 |
_aLechtman, Heather _eAUT |
||
| 245 | 0 | _aLa tecnologĂa en el mundo andino | |
| 260 | _c1985 | ||
| 300 |
_a496 páginas : _c22 cm. |
||
| 650 | _aGEN | ||
| 654 | _aCAN | ||
| 942 |
_cLIB _dJUS _fJUS _2ddc _n |
||
| 999 |
_c5196 _d5196 |
||